header

Human rights and social movements (Record no. 220816)

MARC details
000 -LEADER
fixed length control field 01680nam a2200349 a 4500
100 1# - MAIN ENTRY--AUTHOR NAME
Personal name Stammers, Neil.
245 10 - TITLE STATEMENT
Title Human rights and social movements
260 ## - PUBLICATION, DISTRIBUTION, ETC. (IMPRINT)
Place of publication London ;
-- New York :
Name of publisher Pluto Press ;
Place of publication New York :
Name of publisher Distributed in the United States of America exclusively by Palgrave Macmillan,
Year of publication 2009.
300 ## - PHYSICAL DESCRIPTION
Number of Pages x, 286 p. :
Other physical details ill.
505 0# - FORMATTED CONTENTS NOTE
Formatted contents note Introduction -- Getting beyond the hall of mirrors -- The 'sociality' of natural rights -- The lost nineteenth century -- The paradox of institutionalisation -- New movements? Old wrongs? -- Expressive and instrumental dimensions of movement activism -- Analyses of globalisation and human rights -- Renewing the challenge to power.
650 #0 - SUBJECT ADDED ENTRY--TOPICAL TERM
Topical Term Human rights.
Topical Term Social movements.
856 40 - ELECTRONIC LOCATION AND ACCESS
Uniform Resource Identifier http://site.ebrary.com/lib/rucke/Doc?id=10480193

No items available.

© 2026 Rongo University
Contact us: librarian | system librarian | Rongo university